<?xml version="1.0" encoding="UTF-8"?>
<collection xmlns="http://www.loc.gov/MARC21/slim">
 <record>
  <leader>01437nam a22002177a 4500</leader>
  <controlfield tag="001">NCT_4_015347</controlfield>
  <controlfield tag="008">241207b        xxu||||| |||| 00| 0 vie d</controlfield>
  <datafield tag="999" ind1=" " ind2=" ">
   <subfield code="c">8729</subfield>
   <subfield code="d">8729</subfield>
  </datafield>
  <datafield tag="020" ind1=" " ind2=" ">
   <subfield code="a">9786044811130</subfield>
   <subfield code="c">179000</subfield>
  </datafield>
  <datafield tag="082" ind1="0" ind2="4">
   <subfield code="2">23rd ed.</subfield>
   <subfield code="a">338.47</subfield>
   <subfield code="b">D183</subfield>
  </datafield>
  <datafield tag="100" ind1="1" ind2=" ">
   <subfield code="a">Dani, Samir</subfield>
  </datafield>
  <datafield tag="245" ind1="1" ind2="0">
   <subfield code="a">Quản lý chuỗi cung ứng thực phẩm và logistics</subfield>
   <subfield code="c">Samir Dani ; Nguyễn Ngọc Anh (Dịch)</subfield>
  </datafield>
  <datafield tag="260" ind1=" " ind2=" ">
   <subfield code="a">H.</subfield>
   <subfield code="b">Công thương</subfield>
   <subfield code="c">2024</subfield>
  </datafield>
  <datafield tag="300" ind1=" " ind2=" ">
   <subfield code="a">358 tr.</subfield>
   <subfield code="b">Minh hoạ</subfield>
   <subfield code="c">24cm</subfield>
  </datafield>
  <datafield tag="500" ind1=" " ind2=" ">
   <subfield code="a">Tên sách tiếng Anh: Food supply chain management and logistics</subfield>
  </datafield>
  <datafield tag="520" ind1="3" ind2=" ">
   <subfield code="a">Nội dung sách trình bày những khái niệm mới về quản lý và đổi mới trong chuỗi cung ứng thực phẩm; tập trung áp dụng công nghệ 4.0 vào quá trình thiết lập chuỗi cung ứng thực phẩm bền vững; đưa ra những thách thức trong vận hành và tương lai đồng thời đề xuất giải pháp để quản lý chuỗi cung ứng một cách hiệu quả.</subfield>
  </datafield>
  <datafield tag="653" ind1=" " ind2=" ">
   <subfield code="a">Logistics và quản trị chuỗi cung ứng</subfield>
  </datafield>
  <datafield tag="700" ind1="1" ind2=" ">
   <subfield code="a">Nguyễn Ngọc Anh</subfield>
   <subfield code="e">Dịch</subfield>
  </datafield>
  <datafield tag="942" ind1=" " ind2=" ">
   <subfield code="2">ddc</subfield>
   <subfield code="c">BK</subfield>
  </datafield>
  <datafield tag="952" ind1=" " ind2=" ">
   <subfield code="0">0</subfield>
   <subfield code="1">0</subfield>
   <subfield code="2">ddc</subfield>
   <subfield code="4">0</subfield>
   <subfield code="6">338_470000000000000_D183</subfield>
   <subfield code="7">0</subfield>
   <subfield code="9">29998</subfield>
   <subfield code="a">000001</subfield>
   <subfield code="b">000001</subfield>
   <subfield code="d">2024-12-07</subfield>
   <subfield code="l">1</subfield>
   <subfield code="o">338.47 D183</subfield>
   <subfield code="p">MD.23445</subfield>
   <subfield code="r">2025-01-18</subfield>
   <subfield code="s">2025-01-18</subfield>
   <subfield code="v">179000.00</subfield>
   <subfield code="w">2024-12-07</subfield>
   <subfield code="y">BK</subfield>
  </datafield>
  <datafield tag="980" ind1=" " ind2=" ">
   <subfield code="a">Thư viện Trường Đại học Nam Cần Thơ</subfield>
  </datafield>
 </record>
</collection>
